भारतीय तन्त्र वाधोंकी उत्पत्ति एवं विकास / (Record no. 120454)

MARC details
000 -LEADER
fixed length control field 01199nam a22002657a 4500
005 - DATE AND TIME OF LATEST TRANSACTION
control field 20170124103158.0
010 ## - LIBRARY OF CONGRESS CONTROL NUMBER
LC control number B-076025
020 ## - INTERNATIONAL STANDARD BOOK NUMBER
Terms of availability 300.00
035 ## - SYSTEM CONTROL NUMBER
System control number B-076025
037 ## - SOURCE OF ACQUISITION
Source of stock number/acquisition Cen Lib/Ret
040 ## - CATALOGING SOURCE
Original cataloging agency DPL
Language of cataloging HN
082 ## - DEWEY DECIMAL CLASSIFICATION NUMBER
Classification number 784.1954
Item number सेठरे
100 ## - MAIN ENTRY--PERSONAL NAME
Personal name सेठ, रेखा
9 (RLIN) 2233
245 ## - TITLE STATEMENT
Title भारतीय तन्त्र वाधोंकी उत्पत्ति एवं विकास /
Statement of responsibility, etc रेखा सेठ
246 ## - VARYING FORM OF TITLE
Title proper/short title Bhartiya tantr vadhhon ki utpatti evam vikas
Remainder of title by Rekha Seth
260 ## - PUBLICATION, DISTRIBUTION, ETC. (IMPRINT)
Place of publication, distribution, etc मेरठ
Name of publisher, distributor, etc ईशान प्रकाशन
Date of publication, distribution, etc 2002
270 ## - ADDRESS
Address 17, शिव पूरी
City मेरठ
Postal code 250001
300 ## - PHYSICAL DESCRIPTION
Extent 182पृष्ठ. :
Dimensions 20सेमी(सजिल्द)
Other physical details चित्र.
500 ## - GENERAL NOTE
General note सहायक ग्रन्थ सूची शामिल
650 ## - SUBJECT ADDED ENTRY--TOPICAL TERM
Topical term or geographic name as entry element संगीत शास्त्र
9 (RLIN) 90506
650 ## - SUBJECT ADDED ENTRY--TOPICAL TERM
Topical term or geographic name as entry element भारतीय वाधों में तंत्रवाधों का वर्णन
9 (RLIN) 90507
650 ## - SUBJECT ADDED ENTRY--TOPICAL TERM
Topical term or geographic name as entry element Music Arts
9 (RLIN) 90508
650 ## - SUBJECT ADDED ENTRY--TOPICAL TERM
Topical term or geographic name as entry element Indian Wadon describe the Tntrwadon
9 (RLIN) 90509
942 ## - ADDED ENTRY ELEMENTS (KOHA)
Source of classification or shelving scheme Dewey Decimal Classification
Koha item type Hindi Books
Classification part 784.1954
Call number suffix सेठरे
Holdings
Withdrawn status Lost status Damaged status Not for loan Home library Current library Date acquired Source of acquisition Cost, normal purchase price Total Checkouts Full call number Barcode Date last seen Copy number Cost, replacement price Price effective from Koha item type Source of classification or shelving scheme
        Central Library Central Library 22/09/2015 Cen Lib/Ret 300.00   784.1954 सेठरे B-076025 22/09/2015 1 300.00 22/09/2015 Hindi Books  
        Central Library Central Library 26/10/2016 Cen Lib/Ret 300.00   784.1954 सेठरे B-076028 26/10/2016 2 300.00 26/10/2016 Hindi Books Dewey Decimal Classification

© Delhi Public Library
Hit Counter
free hit counter